|
|
|
|
| LEADER |
01367nam a22003371 4500 |
| 001 |
41132 |
| 003 |
BD-DhAAL |
| 005 |
20230416110850.0 |
| 008 |
230416t1966 nyuab b 000 0 eng d |
| 010 |
|
|
|a 66029822
|
| 040 |
|
|
|a DLC
|c DLC
|d DLC
|d BD-DhAAL
|
| 042 |
|
|
|a lcac
|
| 050 |
0 |
0 |
|a QH91.15
|b .B4
|
| 082 |
0 |
0 |
|a 574.92
|
| 100 |
1 |
|
|a Berrill, N. J.
|q (Norman John),
|d 1903-
|9 54058
|
| 245 |
1 |
4 |
|a The life of the ocean /
|c N. J. Berrill.
|
| 260 |
|
|
|a New York :
|b McGraw-Hill,
|c c1966.
|
| 300 |
|
|
|a 232 pages :
|b illustrations (part col.) maps (part col.) ;
|c 26 cm.
|
| 490 |
0 |
|
|a Our living world of nature
|
| 500 |
|
|
|a "Published in cooperation with the World book encyclopedia."
|
| 504 |
|
|
|a Includes bibliographical references (page 227).
|
| 520 |
|
|
|a Text and color photographs introduce the wide variety of plants and animals of the oceans and their interrelationships.
|
| 541 |
|
|
|a Donated By Akbar Ali Khan
|e 41132
|
| 650 |
|
0 |
|a Marine biology.
|9 54059
|
| 650 |
|
0 |
|a Science.
|
| 730 |
0 |
|
|a World book encyclopedia.
|9 54060
|
| 830 |
|
|
|a Our living world of nature
|9 54061
|
| 852 |
|
|
|a Ayesha Abed Library
|c Akbar Ali Khan Collection
|
| 942 |
|
|
|2 ddc
|c BK
|
| 999 |
|
|
|c 45678
|d 45678
|
| 952 |
|
|
|0 0
|1 0
|2 ddc
|4 0
|6 574_920000000000000_BER
|7 1
|9 73554
|a BRACUL
|b BRACUL
|c AAKC
|d 2023-04-16
|e Donated By Akbar Ali Khan
|l 0
|o 574.92 BER
|p 3010041132
|r 2023-04-16
|t 1
|w 2023-04-16
|y BK
|